| 000 | 00920nam a2200301Ia 4500 | ||
|---|---|---|---|
| 001 | dia_3130 | ||
| 003 | CHAP | ||
| 005 | 20251027144513.0 | ||
| 008 | 220117s2002 xx 000 0 und d | ||
| 010 | _a173628 | ||
| 020 | _a84-8019-605-X | ||
| 040 | _cCHAP | ||
| 082 | _a641.4 G37 2002 | ||
| 100 |
_aGardon, Anne _9154121 |
||
| 245 |
_aConservas para todas las estaciones / _c Anne Gardon ; traducción Teleservicios Editoriales |
||
| 260 |
_aEspaña : _b Paidotraibo, _c2002 |
||
| 300 | _a168 p. | ||
| 440 |
_aDisfruto y hago _9149603 |
||
| 500 | _aTítulo original: Preserving for all seasons | ||
| 590 | _aTX603 G37 2002 | ||
| 650 |
_aConservas alimenticias _9133510 |
||
| 650 |
_aPreserves _9153674 |
||
| 710 |
_aTeleservicios Editoriales, tr. _9149606 |
||
| 901 | _a641.4 G37 2002 | ||
| 902 | _aM | ||
| 905 | _a5232272002 sp a 8222223322SPA16 | ||
| 942 |
_cLIBRO _2ddc |
||
| 999 |
_c173628 _d173628 |
||